000 00481nam a22001697a 4500
003 OSt
005 20220107122823.0
008 161226b xxu||||| |||| 00| 0 eng d
040 _cIIITMK
100 _aGibin George (93515001)
_911164
245 _aAndroid malware detection using classifier fusion method
300 _aMPHIL CS
502 _bMPHIL CS
_c2015-16
_dINT
_eDr. Tony Thomas
650 _aCOMPUTER SECURITY
_911334
650 _aMALWARE DETECTION
_911335
942 _2ddc
_cPR
999 _c5531
_d5531